00392pab a2200145 454500008004000000100001300040245009200053260000900145300001300154362001200167650001400179650001000193700002300203773002000226180718b2004 xxu||||| |||| 00| 0 eng d aKala, N. aSwashakti: a participatory model for infusing gender potential through self help groups c2004 ap.50-61. aApr-Jun aSelf help aWomen aManavade, Gowri V. aIASSI Quarterly